00667cam a22001811 450008200160000024500580001626000380007430000240011249000980013650000620023465000170029665000110031365000130032470000210033794200070035899900150036595201050038000a574.192 RAP10aRapid mixing and sampling techniques in biochemistry; aNew York,bAcademic Press,c1964. axii, 400 p.billus.1 a[Pennsylvania. University. Eldridge Reeves Johnson Foundation for Medical Physics. Colloquia] a"A symposium of the International Union of Biochemistry." 0aBiochemistry 0aMixing 0aSampling1 aChance, Britton, cBK c3731d3731 0010708NFICaICbICcGENd2016-11-12l0o574.192 RAPp004931r2016-11-12 00:00:00w2016-11-12yREF